00309nam a2200109Ia 4500008004100000082001700041100002500058245004000083260005100123300001000174600001500184250610s9999 xx 000 0 und d a891.4393 SIR aSiraj, Naseema Binte 0aHijab E Awwal (حجابِ اوّل) aKarachi:bKhawaja Printers & Publishers,c2005 a336p. aLiterature